[Event "FIN-ch (Women)"]
[Site "Helsinki"]
[Date "2018.06.19"]
[Round "9"]
[White "Al Najar, Huda"]
[Black "Al Hamoud, Lyal"]
[Result "1-0"]
[WhiteElo "1719"]
[BlackElo "1382"]
[PlyCount "51"]
[EventDate "2018.06.11"]
[EventType "tourn"]
[EventRounds "9"]
[EventCountry "FIN"]
[SourceTitle "EXT 2020"]
[Source "ChessBase"]
[SourceDate "2019.10.17"]
[SourceVersion "1"]
[SourceVersionDate "2019.10.17"]
[SourceQuality "1"]

1. e4 e5 2. Nf3 Nc6 3. c3 a6 4. Bc4 Bc5 5. 0-0 d6 6. d4 Ba7 7. dxe5 dxe5 8. Qb3 Qe7 9. Bd5 Qf6 10. Bg5 Qg6 11. Bxc6+ Qxc6 12. Rd1 f6 13. Bh4 Qxe4 14. Nbd2 Qc6 15. Nxe5 fxe5 16. Nf3 Nf6 17. Nxe5 Qe6 18. Qa3 Bd7 19. Nxd7 Qf7 20. Nxf6+ gxf6 21. Re1+ Kd8 22. Rad1+ Kc8 23. Re7 Qg6 24. Qa4 c6 25. Qb4 c5 26. Qxb7# 1-0

[Event "FIN-ch (Women)"]
[Site "Helsinki"]
[Date "2018.06.15"]
[Round "5"]
[White "Turunen, Tiina"]
[Black "Al Hamoud, Lyal"]
[Result "1-0"]
[WhiteElo "1665"]
[BlackElo "1382"]
[PlyCount "213"]
[EventDate "2018.06.11"]
[EventType "tourn"]
[EventRounds "9"]
[EventCountry "FIN"]
[SourceTitle "EXT 2020"]
[Source "ChessBase"]
[SourceDate "2019.10.17"]
[SourceVersion "1"]
[SourceVersionDate "2019.10.17"]
[SourceQuality "1"]

1. d4 Nf6 2. Nf3 d5 3. h3 Nc6 4. Bf4 Bf5 5. c3 h6 6. e3 a6 7. Bd3 Bd7 8. Nbd2 e6 9. 0-0 Na7 10. e4 Bb5 11. Bxb5+ Nxb5 12. Re1 Be7 13. a4 Na7 14. Qe2 c6 15. e5 Nd7 16. c4 b5 17. cxd5 cxd5 18. Rec1 0-0 19. Nb3 Bb4 20. Bd2 Bxd2 21. Qxd2 Qb6 22. a5 Qb7 23. Nc5 Nxc5 24. Rxc5 Rfc8 25. b4 Rc6 26. Ne1 Rac8 27. Nd3 R8c7 28. f4 g6 29. g4 Kg7 30. Rf1 f5 31. exf6+ Kxf6 32. Qe3 Kg7 33. Qe5+ Kh7 34. f5 gxf5 35. gxf5 Rg7+ 36. Kh2 exf5 37. Qxf5+ Kh8 38. Qxd5 Qb8+ 39. Ne5 Rcg6 40. Kh1 Rg3 41. Qe6 Qg8 42. Qxg8+ Kxg8 43. Nf3 Rxh3+ 44. Nh2 Rd3 45. Rd5 Nc6 46. Rd6 Nxb4 47. Rxh6 Rxd4 48. Rhf6 Rd8 49. Rb1 Rd4 50. Nf3 Rc4 51. Rh6 Nc6 52. Nd2 Rd4 53. Nf3 Rc4 54. Kh2 Ra4 55. Kh1 Nxa5 56. Rxa6 b4 57. Ra8+ Kh7 58. Rb8 b3 59. Rb5 Nc4 60. R1xb3 Nd2 61. Rh5+ Kg6 62. Rg5+ Kh6 63. Rb6+ Kh7 64. Rh5+ Kg8 65. Nxd2 Ra1+ 66. Nb1 Rc7 67. Kg2 Rc2+ 68. Kf3 Rc1 69. Nd2 Rc3+ 70. Kf4 Ra4+ 71. Ne4 Rc7 72. Re6 Rf7+ 73. Kg4 Rg7+ 74. Kh4 Kf7 75. Rf6+ Ke7 76. Re5+ Kd7 77. Kh5 Kc7 78. Nc5 Ra1 79. Ne6+ Kd6 80. Nxg7+ Kxe5 81. Rf5+ Ke4 82. Rg5 Rh1+ 83. Kg6 Rf1 84. Ne8 Rf8 85. Nd6+ Kf4 86. Rb5 Rg8+ 87. Kf6 Rh8 88. Rb4+ Kg3 89. Ke5 Rh5+ 90. Nf5+ Kf3 91. Rb3+ Ke2 92. Ke4 Kd2 93. Rd3+ Kc2 94. Ne3+ Kb2 95. Rd6 Kc3 96. Rc6+ Kb4 97. Rc4+ Kb5 98. Kd3 Rh3 99. Rc8 Kb6 100. Kd4 Kb7 101. Rc3 Kb6 102. Nd5+ Kb5 103. Rxh3 Ka5 104. Kc4 Ka6 105. Kc5 Ka7 106. Kc6 Ka6 107. Ra3# 1-0